| 000 | 01370 a2200229 4500 | ||
|---|---|---|---|
| 003 | Nust | ||
| 005 | 20220812113805.0 | ||
| 010 | _a 2009051049 | ||
| 020 | _a9780470758625 (cloth) | ||
| 040 | _cNust | ||
| 082 | 0 | 0 | _a621.3813,SOR |
| 100 | 1 |
_aSorrentino, Roberto. _996971 |
|
| 245 | 1 | 0 |
_aMicrowave and RF engineering / (Include CD) _cRoberto Sorrentino, Giovanni Bianchi. |
| 260 |
_aChichester, West Sussex, U.K. ; _aHoboken, N.J. : _bWiley, _c2010. |
||
| 300 |
_axix, 892 p. : _bill. ; _c27 cm. + _e1 CD-ROM (4 3/4 in.) |
||
| 505 | _aIntroduction (Page -1), Basic Electromagnetic Theory (Page–9), Guided EM Propagation (Page-39), Microwave Circuits (Page-91), Resonators and Cavities (Page-131), Impedance Matching (Page-163), Passive Microwave Components (Page-187), Microwave Filters (Page-237), Basic Concepts for Microwave Component Design (Page-289), Microwave Control Components (Page-363), Amplifiers (Page-415), Oscillators (Page-503), Frequency Converters (Page-561), Microwave Circuit Technology (Page-633), RF and Microwave Architectures (Page-659), Numerical Methods and CAD (Page-757), Measurement Instrumentation and Techniques (Page-795). | ||
| 650 | 0 |
_aRadio _xTransmitters and transmission. |
|
| 650 | 0 | _aTelecommunication Engineering | |
| 651 |
_a(Include CD) _98953 |
||
| 700 | 1 |
_aBianchi, Giovanni, _d1963- _996972 |
|
| 942 |
_cREF _2ddc |
||
| 999 |
_c189233 _d189233 |
||